000 00319nam a2200109Ia 4500
008 180219s9999 xx 000 0 und d
020 _a9814035955
100 _aMarieb, Elaine N.
245 _aAnatomy and physiology coloring workbook /
260 _aSingapore :
_bPearson education asia
_c2001
300 _aiii, 298 pages
999 _c355930
_d355930